Car Brand Logos #3 - Statistics

General Stats
  • This quiz has been taken 12,217 times
    11,712 since last reset
  • The average score is 9 of 12
Answer Stats
Picture Answer % Correct
Lamborghini
94%
Bentley
92%
Fiat
84%
Maserati
83%
Cadillac
82%
Mustang
79%
Infiniti
77%
Opel
70%
Acura
65%
Buick
61%
Lincoln
60%
Scion
43%
No matching quizzes found
Score Distribution
Percent of People with Each Score
Percentile by Number Answered
Your Score History
You have not taken this quiz since the last reset